MARC

LEADER 00000nam0a2200000 4500
001 357542
005 20231102011013.0
010 |b 5000 экз. 
035 |a (RuTPU)RU\TPU\retro\14810 
035 |a RU\TPU\book\349038 
090 |a 357542 
100 |a 20200806d1922 km y0rusy50 ca 
101 0 |a rus 
102 |a RU 
105 |a y z 001zd 
200 1 |a Наука и жизнь  |h Ч. 3  |f П. И. Вальден  |g РСФСР, Высший совет народного хозяйства (ВСНХ), Научно-технический отдел 
210 |a Петроград  |c Научное химико-техническое изд-во  |d 1921 
215 |a 223 с. 
317 |5 63413507: 39//323  |a Поступил в НТБ в период с 1915 по 1925 гг. в дар от профессора И. И. Бобарыкова 
320 |a Библиография в ссылках 
600 1 |a Ломоносов  |g Михаил Васильевич  |b М. В.  |c учёный-естествоиспытатель, поэт, историк, художник, деятель просвещения, науки и экономики  |f 1711-1765  |2 stltpush  |3 (RuTPU)RU\TPU\pers\975 
600 1 |a Менделеев  |g Дмитрий Иванович  |b Д. И.  |c учёный-энциклопедист, химик, педагог  |f 1834-1907  |c член-корреспондент Петербургской АН  |2 stltpush  |3 (RuTPU)RU\TPU\pers\1367 
606 1 |a Естествознание  |x История  |2 stltpush  |3 (RuTPU)RU\TPU\subj\38880  |9 59129 
606 1 |a Физическая химия  |2 stltpush  |3 (RuTPU)RU\TPU\subj\67669  |9 83390 
610 1 |a наука 
610 1 |a изобретательство 
610 1 |a вес 
610 1 |a постоянство 
610 1 |a химические законы 
610 1 |a растворы 
610 1 |a электролитическая диссоциация 
610 1 |a стереохимия 
610 1 |a коллекция И. И. Бобарыкова 
675 |a 50  |v 4 
675 |a 544  |v 4 
700 1 |a Вальден  |b П. И.  |c российско-немецкий химик латышского происхождения  |f 1863-1957  |g Павел Иванович (Пауль)  |2 stltpush  |3 (RuTPU)RU\TPU\pers\15028  |9 5130 
712 0 1 |a РСФСР  |b Высший совет народного хозяйства (ВСНХ)  |b Научно-технический отдел  |c (1917-1932)  |2 stltpush  |3 (RuTPU)RU\TPU\col\20074 
801 1 |a RU  |b 63413507  |c 20161019 
801 2 |a RU  |b 63413507  |c 20210419  |g RCR 
942 |c BK